[Event "COL-ch Amateur U1700"]
[Site "Paipa"]
[Date "2020.02.28"]
[Round "5"]
[White "Toca Suarez, Luis Alberto"]
[Black "Dabraccio, Guillermo"]
[Result "0-1"]
[WhiteElo "1718"]
[BlackElo "1643"]
[PlyCount "58"]
[EventDate "2020.02.26"]
[EventType "swiss"]
[EventRounds "9"]
[EventCountry "COL"]
[SourceTitle "EXT 2021"]
[Source "ChessBase"]
[SourceDate "2020.10.23"]
[SourceVersion "1"]
[SourceVersionDate "2020.10.23"]
[SourceQuality "1"]

1. d4 d5 2. Bf4 Nf6 3. e3 e6 4. Bd3 c5 5. c3 Nc6 6. Nf3 Be7 7. Nbd2 Nh5 8. Bg3 cxd4 9. exd4 Nxg3 10. hxg3 h6 11. Ne5 Nxe5 12. dxe5 Bd7 13. f4 Qb6 14. Qc2 g5 15. Ke2 Bc6 16. Rab1 gxf4 17. gxf4 Bc5 18. Rbf1 Rg8 19. Rh2 0-0-0 20. b4 Bg1 21. Rxh6 Rxg2+ 22. Kd1 Be3 23. f5 Rxd2+ 24. Qxd2 Bxd2 25. Kxd2 d4 26. fxe6 dxc3+ 27. Kc2 fxe6 28. Rxe6 Rxd3 29. Kxd3 Bb5+ 0-1